História tokajského vína

Dejiny vína a dejiny pestovania viniča v tokajskej oblasti. Prehľad vinohradníckych oblastí na Slovensku. Najznámejšie druhy tokajského vína.

Salvato in:
Dettagli Bibliografici
Autore principale: Polakovič, Ivan
Natura: Capitolo di libro
Lingua:slovacco
Soggetti:
Tags: Aggiungi Tag
Nessun Tag, puoi essere il primo ad aggiungerne!!

MARC

LEADER 00000naa a2200000 4500
001 r047828
005 20230920090356.7
041 0 |a slo 
044 |a SK 
245 1 0 |a História tokajského vína  |c Ivan Polakovič 
520 |a Dejiny vína a dejiny pestovania viniča v tokajskej oblasti. Prehľad vinohradníckych oblastí na Slovensku. Najznámejšie druhy tokajského vína. 
610 2 0 |a vinohradníctvo 
610 2 0 |a víno 
610 2 0 |a certifikácia 
610 2 0 |a certifikáty 
610 2 0 |a história 
610 2 0 |a Slovensko 
610 2 0 |a Maďarsko 
610 2 0 |a Európska únia 
100 1 |a Polakovič, Ivan